000 00884nam a2200241Ia 4500
003 OSt
005 20220923220519.0
006 a|||||r|||| 00| 0
007 ta
008 220922b |||||||| |||| 00| 0 hin d
024 _a187,280
037 _cTextual
040 _aARTS
_cARTS
_bhin
041 _2hin
_ahin
082 _aWv2, 152N4
100 _aयादव, सुषमा; शर्मा, राम अवतार
_9164296
245 0 _aभारतीय राजनीतिकः ज्वंलत प्रश्न
246 _aBhāratīya rājanītikah jvanlat prashna
260 _aदिल्ली
_b दिल्ली विश्वविद्यालय
_c1994
300 _a314 पृ.
_ccm.
942 _hWv2, 152N4
_cTEXL
_2CC
999 _c340357
_d340357